000 00531nam a2200169Ia 4500
999 _c10158
_d10158
003 OSt
005 20200131100646.0
008 190216s9999||||xx |||||||||||||| ||und||
020 _a0195640829
040 _coclc
082 _a305.0954
_bSEN/I
100 _aDreze, Jean
_9583
245 0 _aIndia Economic Development And Social Oppurtunity /
_cJean Dreze ; Amartya Sen
260 _bOxford University Press,
_c1995.
_aNew Delhi:
300 _a292 p
942 _cBK
_2ddc
_h305.0954
_iSEN/I
_k305.0954
_mSEN/I